Biochimie : Etudes médicales et biologiques. 1, biologie cellulaire et moléculaire (Record no. 35069)

MARC details
000 -LEADER
fixed length control field 00715 a2200277 4500
037 ## - SOURCE OF ACQUISITION
Source of stock number/acquisition 2, Achat
037 ## - SOURCE OF ACQUISITION
Stock number S 3620
037 ## - SOURCE OF ACQUISITION
Stock number S 3208
020 ## - NUMERO INTERNATIONAL NORMALISE DES LIVRES
International Standard Book Number 2-7057-5939-0
100 ## - VEDETTE PRINCIPALE - NOM DE PERSONNE
Personal name Kruh, Jacques
100 ## - VEDETTE PRINCIPALE - NOM DE PERSONNE
Language of a work Fr
260 ## - PUBLICATION, DISTRIBUTION, ETC. (IMPRINT)
Place of publication, distribution, etc Paris
260 ## - PUBLICATION, DISTRIBUTION, ETC. (IMPRINT)
Name of publisher, distributor, etc Hermann
245 ## - TITLE STATEMENT
Title Biochimie : Etudes médicales et biologiques. 1, biologie cellulaire et moléculaire
260 ## - PUBLICATION, DISTRIBUTION, ETC. (IMPRINT)
Date of publication, distribution, etc 1992
250 ## - EDITION STATEMENT
Edition statement Nouv. entièrement refondue, augmentée et remaniée
300 ## - PHYSICAL DESCRIPTION
Extent 184p.
300 ## - PHYSICAL DESCRIPTION
Other physical details 21 cm.
440 ## - SERIES STATEMENT/ADDED ENTRY--TITLE
Title Collection Méthodes
630 ## - SUBJECT ADDED ENTRY--UNIFORM TITLE
Uniform title 57 - Biologie
650 ## - SUBJECT ADDED ENTRY--TOPICAL TERM
Topical term or geographic name as entry element 5 - SCIENCES EXACTES ET NATURELLES
650 ## - SUBJECT ADDED ENTRY--TOPICAL TERM
Topical term or geographic name as entry element Biologie cellulaire
650 ## - SUBJECT ADDED ENTRY--TOPICAL TERM
Topical term or geographic name as entry element Biologie moléculaire
Holdings
Withdrawn status Lost status Damaged status Not for loan Location (home branch) Sublocation or collection (holding branch) Date acquired Koha issues (times borrowed) Koha full call number Koha date last seen Price effective from Koha item type
        Bibliothèque Universitaire Centrale Bibliothèque Universitaire Centrale 28/02/2009   577.1 KRH 28/02/2009 28/02/2009 Livre


© 2008, Bibliothèques de l'Université d'Abomey-Calavi

04 BP 789 Cotonou, Tél. : +229 21 36 01 01, Fax : +229 21 35 06 32

Courriel : bu@bu.uac.bj